The call of the wild, and White Fang. (Record no. 110391)
[ view plain ]
| 000 -LEADER | |
|---|---|
| fixed length control field | 00473nam a2200169 a 4500 |
| 001 - CONTROL NUMBER | |
| control field | 4148 |
| 005 - DATE AND TIME OF LATEST TRANSACTION | |
| control field | 20140414131855.0 |
| 008 - FIXED-LENGTH DATA ELEMENTS--GENERAL INFORMATION | |
| fixed length control field | 090331s19uu xx 00 eng d |
| 020 ## - INTERNATIONAL STANDARD BOOK NUMBER | |
| International Standard Book Number | 1-582791-85-6 |
| 050 ## - LIBRARY OF CONGRESS CALL NUMBER | |
| Classification number | M 813.52 |
| Item number | L84 2001 |
| 100 ## - MAIN ENTRY--PERSONAL NAME | |
| Personal name | London, Jack, 1876-1916. |
| 245 ## - TITLE STATEMENT | |
| Title | The call of the wild, and White Fang. |
| 260 ## - PUBLICATION, DISTRIBUTION, ETC. (IMPRINT) | |
| Place of publication, distribution, etc | Naples Florida : |
| Name of publisher, distributor, etc | Trident Press International, |
| Date of publication, distribution, etc | c2001. |
| 300 ## - PHYSICAL DESCRIPTION | |
| Extent | 238 p. : cm. |
| 650 ## - SUBJECT ADDED ENTRY--TOPICAL TERM | |
| Topical term or geographic name as entry element | Wolfdogs |
| General subdivision | Fiction. |
| Withdrawn status | Lost status | Damaged status | Use restrictions | Home library | Current library | Shelving location | Date acquired | Source of acquisition | Total Checkouts | Full call number | Barcode | Date last seen | Price effective from | Koha item type |
|---|---|---|---|---|---|---|---|---|---|---|---|---|---|---|
| Munich Library | Munich Library | Main Section | 03/31/2009 | M 813.52 L84 2001 | M0784 | 04/14/2014 | 04/14/2014 | Books |